| 000 | 01544cam a22002535a 4500 | ||
|---|---|---|---|
| 001 | L158066 | ||
| 008 | 140307s2014 xxk f 000 0 eng d | ||
| 020 | _a978783210435 | ||
| 035 | _a(Sirsi) u158066 | ||
| 041 | 0 | _aeng | |
| 110 | 2 |
_aRoyal Institution of Chartered Surveyors _94900 |
|
| 245 | 0 | 0 |
_aSurveyors acting as independent experts in commercial property rent reviews _bRICS guidance note _h[electronic resource] |
| 250 | _a9th edition | ||
| 260 |
_aLondon _bRICS _c2014 |
||
| 520 | _aOffers guidance to chartered surveyors who are appointed by the President of RICS or directly by parties to act as independent experts in commercial property rent reviews. It is also intended to assist the parties themselves and those acting for them by making them aware of the procedures likely to be followed. Examines the nature of expert determinations, the powers and duties of independent experts, conflicts of interest, terms of engagement, evidence, determinations, fees, costs and post determinations. | ||
| 520 | _aThis guidance note was amended January 2022 to update references to the RICS Rules of Conduct | ||
| 590 | _aKA | ||
| 651 | 4 |
_aEngland and Wales _y1543- |
|
| 651 | 4 |
_aNorthern Ireland _y2007- |
|
| 690 |
_aCommercial property _96227 |
||
| 700 | 1 | _aWright, Geoffrey | |
| 856 | 4 | 0 |
_uhttps://www.rics.org/profession-standards/rics-standards-and-guidance/sector-standards/dispute-resolution-standards/surveyors-acting-as-independent-experts-in-commercial-property-rent-reviews _zAvailable free on RICS.org |
| 942 |
_n0 _2ddc |
||
| 999 |
_c115117 _d115117 |
||